000 00749nam a2200241 a 4500
001 BRL_1643
005 20190320211313.0
008 150414s1947----mx-#######---#000-0#spa-#
041 _aspa
044 _amx
050 4 _aF1211
_b.P66 1947
100 1 _aPonce, Alonso
_cFray
_927518
245 1 0 _aViaje a Nueva España, Antología
_cFray Alonso Ponce ; selección y prólogo de Andrés Henestrosa.
260 _aMéxico
_bSEP
_c1947
300 _a90 p.
_c20 cm.
440 0 _aBiblioteca Enciclopédica Popular. Segunda época
_v184
_927519
500 _aAu1897
500 _aEstado físico: Dañado del lomo
651 4 _aMéxico
_xDescripción y viajes
_9103
700 1 _aHenestrosa, Andrés
_epról.
_91789
902 _aGRL
942 _2lcc
_cB
999 _c10452
_d10452